000 00663nam a2200205 i 4500
001 129026
003 ES-MaACL
005 20231205194528.0
007 t|
008 070604s1974 sp ||||1| spa d
080 _a61:860 Cela, Camilo José 1.06
080 _a860 Cela, Camilo José.1.06:61
100 1 _aTejerina, José María.
_9109594
245 1 0 _aCamilo José Cela y la medicina.
260 _aPalma de Mallorca :
_b[s.n.],
_c1974 (
_f[Imp. Mossén Alcover])
300 _a109 p. :
_bil. ;
_c20 cm.
600 1 4 _aCela, Camilo José,
_d1916-2002-
_xConocimientos-
_xMedicina
_9174024
852 4 _aES-MaACL
_jE-6663
999 _c129026
_d129026